000
00247nam a22000977a 4500
008
230426b |||||||| |||| 00| 0 eng d
020
_a
9781847941831
100
_a
Clear James
_9
7671
245
_a
Atomic Habits
260
_a
London
_b
Penguin Random House
999
_c
12286
_d
12286